Estatísticas para Nações Islandas Mais Dispersas

Clique aqui para jogar o quiz

Estatísticas Gerais

  • Esse quiz foi jogado 24 vezes
  • A pontuação média é 10 de 13

Estatísticas das Respostas

%país% Correto
17,7Ilhas Marshall
90%
8,6Kiribati
90%
48,2Tonga
90%
36,4Tuvalu
90%
43,3Seychelles
86%
49,2Vanuatu
86%
36,2Bahamas
81%
43,9Cabo Verde
81%
33,3Ilhas Salomão
81%
63,4Micronésia
81%
4,1Maldivas
71%
53,3Indonésia
62%
60,6Filipinas
57%

Distribuição das Pontuações

Percentil de Números Respondidos

Porcentagem de Pessoas com Cada Pontuação

Sua Pontuação Histórica

Você não jogou esse quiz